[Event "Coin op"]
[Site "Coin"]
[Date "2021.04.02"]
[Round "3"]
[White "Gutierrez Lupion, Nuria"]
[Black "Maldonado Mena, German"]
[Result "1-0"]
[WhiteElo "1696"]
[BlackElo "2009"]
[PlyCount "123"]
[EventDate "2021.04.01"]
[EventType "swiss"]
[EventRounds "7"]
[EventCountry "ESP"]
[SourceTitle "EXT 2022"]
[Source "ChessBase"]
[SourceDate "2021.10.06"]
[SourceVersion "1"]
[SourceVersionDate "2021.10.06"]
[SourceQuality "1"]

1. e4 c5 2. Nf3 Nc6 3. d4 cxd4 4. Nxd4 Nf6 5. Nc3 d6 6. f3 e5 7. Nb3 Be7 8. Be3 0-0 9. Qd2 a5 10. Bb5 Be6 11. 0-0 Na7 12. Bxa7 Rxa7 13. a4 d5 14. exd5 Nxd5 15. Nxd5 Bxd5 16. Qe3 Qc7 17. c4 Bxc4 18. Bxc4 Qxc4 19. Qxa7 Qxb3 20. Qxa5 Qxb2 21. Qb5 Qd4+ 22. Kh1 b6 23. Rad1 Qc5 24. Rd5 Qc7 25. Rb1 Rc8 26. Rxe5 g6 27. g3 Bc5 28. Re8+ Rxe8 29. Qxe8+ Kg7 30. Qe4 Qd6 31. Re1 Qd2 32. Qe5+ Kg8 33. Qe2 Qb4 34. Qe4 Qd2 35. Qe5 Bd4 36. Qe2 Qb4 37. Qd1 Bc5 38. Re8+ Kg7 39. Qa1+ Bd4 40. Re4 Qc3 41. Qxc3 Bxc3 42. Re3 Bd4 43. Rd3 Bc5 44. Rd5 Be3 45. Kg2 Kf6 46. f4 h5 47. h4 Kg7 48. Kf3 Bg1 49. f5 Kf6 50. g4 hxg4+ 51. Kxg4 Bf2 52. fxg6 fxg6 53. Rd6+ Kf7 54. Kg5 Be3+ 55. Kg4 Bf2 56. Rd3 Bc5 57. Rf3+ Ke6 58. Rc3 Bf2 59. Kg5 Kd5 60. Rc2 Bg3 61. Rc8 Bd6 62. Kxg6 1-0

[Event "ESP-ch U18"]
[Site "Salobrena"]
[Date "2020.08.17"]
[Round "2"]
[White "Gutierrez Lupion, Nuria"]
[Black "Lin, Ying Rui"]
[Result "0-1"]
[WhiteElo "1702"]
[BlackElo "2116"]
[PlyCount "66"]
[EventDate "2020.08.17"]
[EventType "swiss"]
[EventRounds "9"]
[EventCountry "ESP"]
[SourceTitle "CBM 197 Extra"]
[Source "ChessBase"]
[SourceDate "2020.09.30"]
[SourceVersion "1"]
[SourceVersionDate "2020.09.30"]
[SourceQuality "1"]

1. e4 e5 2. Nf3 Nc6 3. Bc4 Nf6 4. Ng5 d5 5. exd5 Na5 6. Bb5+ c6 7. dxc6 bxc6 8. Bd3 Nd5 9. h4 Nf4 10. Bf1 h6 11. Ne4 Ne6 12. d3 Be7 13. g3 0-0 14. Bg2 f5 15. Nec3 f4 16. Bd2 fxg3 17. fxg3 Nd4 18. Na3 Rb8 19. Rb1 Qb6 20. Rf1 Be6 21. Na4 Qc7 22. Be3 Nf5 23. Bf2 Bxa2 24. Ra1 Bb4+ 25. Nc3 Bd5 26. Bh3 Nd4 27. Bg4 Rbe8 28. Be3 Nb7 29. Nc4 Nc5 30. Nd2 e4 31. Bxd4 exd3+ 32. Ne2 Qxg3+ 33. Bf2 Qxg4 0-1

[Event "Malaga-ch"]
[Site "Malaga"]
[Date "2019.02.10"]
[Round "2.12"]
[White "Littlewood, Richard George"]
[Black "Gutierrez Lupion, Nuria"]
[Result "1/2-1/2"]
[WhiteElo "1786"]
[BlackElo "1555"]
[PlyCount "101"]
[EventDate "2019.02.09"]
[EventType "swiss"]
[EventRounds "7"]
[EventCountry "ESP"]
[SourceTitle "EXT 2024"]
[Source "ChessBase"]
[SourceDate "2023.10.10"]
[SourceVersion "1"]
[SourceVersionDate "2023.10.10"]
[SourceQuality "1"]

1. e4 c5 2. Nf3 d6 3. d4 cxd4 4. Nxd4 Nf6 5. Nc3 a6 6. f3 e5 7. Nb3 Be6 8. Be3 Nbd7 9. g4 h6 10. Qd2 b5 11. 0-0-0 Nb6 12. Qf2 Nc4 13. Bxc4 bxc4 14. Bb6 Qc8 15. Na5 Nd7 16. Nd5 Bxd5 17. exd5 Nxb6 18. Qxb6 Be7 19. h4 Rb8 20. Qc6+ Qxc6 21. Nxc6 Rb7 22. Rde1 Kd7 23. Re4 Rb5 24. Rd1 Rc5 25. f4 Bxh4 26. fxe5 Re8 27. Nb4 Rxe5 28. Rxe5 dxe5 29. Nxa6 Rb5 30. c3 Kd6 31. Nb4 Rb8 32. b3 cxb3 33. axb3 e4 34. Kd2 Bg5+ 35. Ke2 h5 36. Rd4 Re8 37. gxh5 f5 38. Rc4 f4 39. Rc6+ Kd7 40. Rg6 f3+ 41. Kf1 Bf6 42. h6 e3 43. Nc2 e2+ 44. Kf2 Bh4+ 45. Kxf3 gxh6 46. Rxh6 e1Q 47. Nxe1 Bxe1 48. c4 Bd2 49. Rb6 Kc7 50. Rb5 Re5 51. Kg4 1/2-1/2